| 000 | 00541nam a2200181 4500 | ||
|---|---|---|---|
| 999 |
_c189021 _d189021 |
||
| 005 | 20220609153010.0 | ||
| 010 | _aENG-133162 | ||
| 020 |
_c280.00 _a978-93-87102-82-8 |
||
| 035 | _aEN-116694 | ||
| 037 | _bDBAD/PUB | ||
| 082 | _a612 | ||
| 100 | _aN. Rajasekar | ||
| 245 |
_aHuman Anatomy & Physiology/ _bN. Rajasekar |
||
| 260 |
_aTamil Nadu _bShanlax Publications _c2018 |
||
| 270 |
_a61,66 T.P.K. Main Road, Vasantha Nagar, Madhurai _bTamil Nadu _e625003 |
||
| 300 |
_a97pp. _c22cm(pbk) |
||
| 942 |
_2ddc _cEN _h612 _mRAJ |
||